000 00321nam a22001217a 4500
008 180606b xxu||||| |||| 00| 0 eng d
041 _aeng
080 _a043.3
100 _a0
101 _aMBE-BTH
245 _aThe role of the international monetary fund in general and its role in Kosovo
_cHajdini,I
942 _2udc
_cBK
999 _c46379
_d46379